000 00771cam a22002774a 4500
001 16084043
005 20180202092030.0
008 100202s2011 mau f 001 0 eng
010 _a 2010004754
020 _a9780763791919
020 _a0763791911
035 _a(OCoLC)ocn528648909
040 _aDNLM/DLC
_cDLC
_dC#P
_dYDXCP
_dDLC
041 _aeng
042 _apcc
060 1 0 _aWJ 39
_bE47t 2011
080 _a616.6 LAB
082 0 0 _a616.6 LAB
_222
100 1 _a5
101 _aFAR
245 1 0 _aTarascon pocket urologica /
_cPamela Ellsworth.
246 3 0 _aPocket urologica
906 _a7
_bcbc
_corignew
_d1
_eecip
_f20
_gy-gencatlg
942 _2ddc
_cBK
999 _c41697
_d41697